WA State MPs - Statistics

General Stats
  • This quiz has been taken 13 times
  • The average score is 72 of 96
Answers on the Map
Answers color-coded by a green-red scale on the quiz's map according to % correct below.
 
Answer Stats
Seat MLA Party % Correct
30 Ali Kent ALP
100%
15 Basil Zempilas LIB
100%
31 Caitlin Collins ALP
100%
21 Dan Bull ALP
100%
58 Jags Krishnan ALP
100%
42 John Carey ALP
100%
17 Lauren Cayoun ALP
100%
61 Mark Folkard ALP
100%
47 Paul Papalia ALP
100%
28 Pierre Yang ALP
100%
38 Reece Whitby ALP
100%
45 Rita Saffioti ALP
100%
44 Roger Cook ALP
100%
14 Shane Love NAT
100%
46 Simone McGurk ALP
100%
27 Sook Yee Lai ALP
100%
18 Yaz Mubarakai ALP
100%
11 Adam Hort LIB
86%
PR Alanna Clohesy ALP
86%
40 Amber-Jade Sanderson ALP
86%
16 Andrew O'Donnell ALP
86%
17 Cassie Rowe ALP
86%
22 Colleen Egan ALP
86%
33 Daniel Pastorelli ALP
86%
62 Dave Kelly ALP
86%
43 David Michael ALP
86%
51 David Scaife ALP
86%
32 Divina D'Anna ALP
86%
36 Don Punch ALP
86%
54 Emily Hamilton ALP
86%
55 Hugh Jones ALP
86%
27 Katrina Stratton ALP
86%
57 Kevin Michel ALP
86%
37 Klasey Hirst ALP
86%
6 Liam Staltari LIB
86%
16 Libby Mettam LIB
86%
39 Meredith Hammat ALP
86%
20 Michelle Maynard ALP
86%
7 Nick Goiran LIB
86%
28 Ron Sao ALP
86%
37 Sabine Winton ALP
86%
11 Stephen Dawson ALP
86%
SP Stephen Price ALP
86%
29 Steve Catania ALP
86%
59 Stuart Aubrey ALP
86%
39 Ayor Makur Chuot ALP
71%
24 Brian Walker LCPA
71%
18 Dan Caddy ALP
71%
4 David Bolt LIB
71%
25 Frank Paolino ALP
71%
56 Geoff Baker ALP
71%
41 Hannah Beazley ALP
71%
49 Jessica Stojkovski ALP
71%
40 Kate Doust ALP
71%
10 Lachlan Hunter NAT
71%
60 Lisa Munday ALP
71%
52 Lisa O'Malley ALP
71%
34 Lorna Clarke ALP
71%
13 Matthew Swinbourn ALP
71%
13 Peter Rundle NAT
71%
26 Rhys Williams ALP
71%
23 Rod Caddies ONP
71%
14 Samantha Rowe ALP
71%
12 Sandra Brewer LIB
71%
19 Sandra Carr ALP
71%
8 Scott Leary NAT
71%
26 Sophie McNeill GWA
71%
23 Stephen Pratt ALP
71%
35 Terry Healy ALP
71%
25 Tim Clifford GWA
71%
48 Tony Buti ALP
71%
34 Amanda Dorn AJP
57%
36 Brad Pettitt GWA
57%
35 Jess Beckerling GWA
57%
50 Jodie Hanns ALP
57%
5 Jonathan Huston LIB
57%
19 Kim Giddens ALP
57%
9 Kirrilee Warr NAT
57%
20 Klara Andric ALP
57%
4 Michelle Boylan LIB
57%
5 Michelle Hofmann LIB
57%
21 Neil Thomson LIB
57%
38 Parwinder Kaur ALP
57%
29 Simon Ehrenfeld LIB
57%
9 Steve Thomas LIB
57%
7 Bevan Eatts NAT
43%
12 Jackie Jarvis ALP
43%
22 Julie Freeman NAT
43%
53 Magenta Marshall ALP
43%
32 Maryka Groenewald AC
43%
33 Philip Scott ONP
43%
30 Rob Horstman NAT
43%
10 Steve Martin LIB
43%
8 Tjorn Sibma LIB
43%
3 Anthony Spagnolo LIB
29%
6 Phil Twiss LIB
29%
No matching quizzes found
Score Distribution
Percent of People with Each Score
Percentile by Number Answered
Your Score History
You have not taken this quiz